000 00977nam a2200277Ia 4500
001 Z_6364
008 220601s9999 xx 000 0 und d
020 _a978-607-12-0125-6
082 _a338.1 U234
110 _aMéxico. Universidad Autónoma Chapingo
245 _aReporte de unidades representativas de producción agrícola: panorama económico 2008-2018 / editor Gloria Villa Hernández
260 _aMéxico : UACh: SAGARPA
300 _a208 p.
503 _aej.1- ej.5: Donado por: Pof. Myriam Sagarnaga Villegas
650 _a1. Agricultura -- Aspectos economicos
650 _aSistemas de produccion
_9106767
650 _aCultivos -- Investigacion
650 _aPolitica agricola
_990283
700 _aVilla Hernández, Gloria, ed.
710 _aMéxico. Universidad Autónoma Chapingo \ SAGARPAÌ
901 _a338.1 U234
902 _aM
905 _a5232272010 mx abmn8213113311spa16
942 _c1
999 _c217123
_d217123